Statistics for The Bare Necessities - Lyrics

Click here to take the quiz!

General Stats

  • This quiz has been taken 62 times
  • The average score is 201 of 283

Answer Stats

Word% Correct
at
100%
bare
100%
Forget
100%
in
100%
the
100%
The
100%
and
98%
of
98%
Old
98%
your
98%
a
96%
I
96%
me
96%
necessities
96%
That's
96%
You
96%
you
96%
your
96%
to
95%
you
95%
me
91%
worries
91%
about
88%
I
88%
for
84%
life
84%
simple
84%
for
82%
strife
81%
Look
79%
look
79%
be
77%
mean
74%
That
74%
To
74%
And
72%
and
70%
And
70%
for
70%
are
68%
just
67%
Mother
65%
at
63%
Nature's
63%
at
61%
can
61%
of
60%
recipes
60%
some
60%
will
60%
come
58%
come
56%
Make
54%
bees
51%
honey
51%
just
51%
them
51%
trees
51%
bear
49%
my
49%
When
49%
buzzin'
47%
ants
46%
make
46%
then
46%
They
46%
wander,
46%
big
44%
under
44%
wherever
44%
Wherever
44%
fancy
42%
home
42%
take
42%
few,
40%
few
40%
try
40%
well,
40%
maybe
39%
Maybe
39%
maybe,
39%
rest
39%
try
39%
rocks
37%
ease
35%
plants
35%
couldn't
33%
roam
33%
With
33%
fonder
32%
wander,
32%
glance,
30%
glance
30%
why
30%
They'll
25%
brings
21%
have
16%
one
14%
whenever
12%
Looking
9%
yourself
4%
haha,
2%

Score Distribution

Percentile by Number Answered

Percent of People with Each Score

Your Score History

You have not taken this quiz